01212nam a2200241Ia 450000100060000000300090000600800410001504000130005604000130006904100130008210000150009510000280011024500370013824500370017525000110021226000090022326000230023226000490025530000430030450005680034765000240091565000310093914891IT-RoPAU130308s9999 xx 000 0 und d aIT-RoPAU cIT-RoPAU aITALIANO aWolf Mauro gCodice Aut. SPICS: 422 aSociologie della vita quotidiana bSociologie della Vita Quotidiana a1a ed. aROMA bEspresso Strumenti c1979 [1° Ed.:1979 - Ed.Ling.Originale:1979] a"218 p. (prefazione: no ; testo: 218)" aErving Goffman o la Squalifica dell'Innocenza Paraphernalia Occasioni e incontri Situazioni Frame Interazione rituali Diffusi Personaggio Individuo Come Attore Personaggio fiducia Vita Quotidiana Come rappresentazione Harold Garfinkel o L'Ovvietà Non si interroga Etnometodologia Fatti Sociali Come realizzazioni Pratiche Riflessività Indessicalità Ordine Sociale Harvey Sacks Emanuel Schegloff Gail Jefferson Ovvero Il Parlare Scomposto Studio delle Conversazioni procedure Conversazionali meccanismo del Turno chiusura e Coppie Adiacenti sequenze Laterali aSAGGI DI SOCIOLOGIA eCodice materia Spics: 3657